Devinez le Pays Mystère #128 - Statistiques

Statistiques générales
  • Ce quiz a été pris 212 fois
  • Le résultat moyen est 13 sur 21
Statistiques - réponses
Type de Réponse Réponse % Correct
Lettre Trouvée E
97%
Lettre Trouvée M
96%
Lettre Trouvée U
84%
Lettre Trouvée O
83%
Lettre Trouvée R
77%
Lettre Trouvée B
76%
Lettre Trouvée G
75%
Lettre Bien Placée B
71%
Lettre Bien Placée M
71%
Lettre Bien Placée R
60%
Lettre Trouvée L
55%
Lettre Bien Placée E
45%
Lettre Bien Placée G
45%
Lettre Bien Placée L
45%
Pays Mystère Luxembourg
45%
Lettre Bien Placée O
45%
Lettre Bien Placée U
45%
Lettre Bien Placée U
45%
Lettre Trouvée U
45%
Lettre Bien Placée X
45%
Lettre Trouvée X
45%
Aucun quiz correspondant
Distribution des résultats
% des personnes avec chaque résultat
Percentile par nombre de réponses
Votre historique - résultats
Vous n’avez pas pris ce quiz